[Event "Principal 2017/2018"]
[Site "Vitrolles"]
[Date "2017.09.30"]
[Round "1"]
[White "Baroyan, Davit"]
[Black "Busson, Benoist"]
[Result "1-0"]
[WhiteElo "2073"]
[BlackElo "1926"]
[PlyCount "93"]

1. d4 Nf6 2. Nf3 e6 3. Bf4 c5 4. c3 Nc6 5. e3 d5 6. Nbd2 Qb6 7. Qb3 c4 8. Qc2
Qa5 9. Be2 Be7 10. O-O b5 11. b4 Qb6 12. a4 Ba6 13. Ne5 Nxe5 14. Bxe5 O-O 15.
e4 bxa4 16. Bxf6 Bxf6 17. exd5 exd5 18. Bf3 Rfd8 19. Rxa4 Bb5 20. Ra5 a6 21.
Re1 Qd6 22. Nf1 Re8 23. Rea1 Qe6 24. Ne3 Rad8 25. Qf5 Qxf5 26. Nxf5 Bg5 27.
R5a2 g6 28. h4 Bf4 29. g3 gxf5 30. gxf4 f6 31. Re2 Re4 32. Bxe4 fxe4 33. f5 Kf7
34. f3 exf3 35. Re3 Rg8+ 36. Kf2 Rg4 37. Kxf3 Rxh4 38. Kg3 Rh5 39. Kg4 Rg5+ 40.
Kf4 Bd7 41. Re5 fxe5+ 42. Kxg5 exd4 43. cxd4 h6+ 44. Kf4 Bc8 45. Ke5 Bb7 46.
Rh1 Kg7 47. f6+ 1-0

[Event "Principal 2017/2018"]
[Site "Vitrolles"]
[Date "2017.09.30"]
[Round "1"]
[White "Mars, Theo"]
[Black "Derige Kane, Yan"]
[Result "0-1"]
[WhiteElo "1693"]
[BlackElo "1813"]
[PlyCount "50"]

1. c4 e6 2. Nc3 d5 3. cxd5 exd5 4. d4 Nf6 5. g3 Bd6 6. Bg2 c6 7. Nf3 O-O 8. O-O
Re8 9. e3 Bf5 10. h3 Nbd7 11. Nh4 Be4 12. Bxe4 Nxe4 13. Nxe4 Rxe4 14. Nf3 Nf6
15. Qb3 Qc7 16. Kg2 c5 17. dxc5 Bxg3 18. fxg3 Nh5 19. Rf2 Qxg3+ 20. Kf1 Qxh3+
21. Ke1 Rae8 22. Qxd5 Nf4 23. Qb3 Ng2+ 24. Ke2 Nf4+ 25. Ke1 Qg3 0-1

[Event "Principal 2017/2018"]
[Site "Vitrolles"]
[Date "2017.09.30"]
[Round "1"]
[White "Anton, Jose"]
[Black "Girard, Jean-Pierre"]
[Result "1-0"]
[WhiteElo "1843"]
[BlackElo "1813"]
[PlyCount "159"]

1. e4 c5 2. d4 cxd4 3. c3 dxc3 4. Nxc3 Nc6 5. Nf3 d6 6. Bc4 e6 7. O-O Nf6 8.
Qe2 a6 9. Rd1 Qc7 10. Bf4 e5 11. Bg5 Be7 12. Rac1 Bg4 13. Bxf6 Bxf6 14. h3 Bxf3
15. Qxf3 Nd4 16. Rxd4 exd4 17. Nd5 Qd8 18. Nc7+ Qxc7 19. Bb5+ axb5 20. Rxc7 O-O
21. Qb3 d3 22. Qxd3 Rxa2 23. Qxd6 Rd8 24. Rd7 Re8 25. Rxb7 Rxb2 26. e5 Bg5 27.
Qd7 Rf8 28. e6 Bf4 29. g3 Rd2 30. exf7+ Kh8 31. Qxb5 Bh6 32. Rd7 Rxd7 33. Qxd7
g6 34. Kg2 Kg7 35. g4 Rxf7 36. Qd4+ Kg8 37. Qd8+ Bf8 38. f3 h6 39. h4 Kh7 40.
Qe8 Kg7 41. Qe5+ Kh7 42. h5 gxh5 43. Qxh5 Rg7 44. f4 Kg8 45. Kf3 Rf7 46. Qg6+
Bg7 47. Qe6 Bf8 48. Qg6+ Bg7 49. g5 hxg5 50. Qxg5 Rf6 51. Ke4 Kf7 52. Qd5+ Kf8
53. Qd7 Kg8 54. f5 Rh6 55. Qe8+ Kh7 56. Kf4 Bf6 57. Qf7+ Kh8 58. Kg4 Rh4+ 59.
Kg3 Rh6 60. Kf4 Rh4+ 61. Kf3 Rh6 62. Ke4 Bg7 63. Kd5 Rf6 64. Qh5+ Rh6 65. Qg5
Kh7 66. Qg3 Rf6 67. Qg4 Rh6 68. Kc5 Rf6 69. Kd5 Rh6 70. Qg3 Rf6 71. Ke4 Rh6 72.
Kf4 Bf6 73. Kg4 Bg7 74. Qc7 Kg8 75. Kg5 Kh7 76. Qd8 Ra6 77. Qe7 Rb6 78. Qd8 Ra6
79. Qd3 Rb6 80. f6+ 1-0

[Event "Principal 2017/2018"]
[Site "Vitrolles"]
[Date "2017.09.30"]
[Round "1"]
[White "Auroux, William"]
[Black "Mamah, Isabelle"]
[Result "0-1"]
[WhiteElo "1894"]
[BlackElo "1807"]
[PlyCount "160"]

1. c4 Nf6 2. g3 g6 3. Bg2 Bg7 4. Nc3 c5 5. Nf3 Nc6 6. O-O O-O 7. d3 d6 8. Rb1
Bd7 9. Bd2 Qc8 10. a3 Bh3 11. b4 Bxg2 12. Kxg2 Nd4 13. e3 Ne6 14. Qe2 b6 15.
Rfd1 Re8 16. Rbc1 Qb7 17. Kg1 Rad8 18. Rc2 h6 19. Bc1 Nh7 20. h4 Nf6 21. Bb2
Nc7 22. d4 Ne6 23. Rcd2 Rc8 24. d5 Nf8 25. Rc2 Qd7 26. Kg2 Qg4 27. Nh2 Qxe2 28.
Nxe2 N8d7 29. Nf3 Ng4 30. Bxg7 Kxg7 31. Neg1 cxb4 32. axb4 Nge5 33. Nd2 Rc7 34.
Rdc1 Rec8 35. Rc3 Nf6 36. Ne2 b5 37. cxb5 Nxd5 38. Rxc7 Rxc7 39. Rxc7 Nxc7 40.
Nd4 Nd3 41. Nc4 Nxb4 42. b6 axb6 43. Nxb6 Nbd5 44. Nc4 f5 45. f3 Kf7 46. e4
fxe4 47. fxe4 Nc3 48. Kf3 Ne6 49. Nc2 Kf6 50. N4e3 h5 51. g4 Nc5 52. gxh5 gxh5
53. Nd5+ Nxd5 54. exd5 Ke5 55. Nb4 Nd7 56. Nc6+ Kf6 57. Kf4 Nf8 58. Nb4 Ng6+
59. Kg3 Ke5 60. Nc2 Kxd5 61. Ne3+ Ke6 62. Nc4 d5 63. Nd2 Kf5 64. Nf3 e5 65. Ng5
d4 66. Nf7 d3 67. Kf3 Nxh4+ 68. Ke3 Ng6 69. Kxd3 Kf4 70. Ke2 e4 71. Nd6 Ne5 72.
Nb5 Ng4 73. Nc3 h4 74. Kf1 h3 75. Kg1 e3 76. Kf1 Kf3 77. Kg1 e2 78. Nxe2 Kxe2
79. Kh1 Kf3 80. Kg1 Kg3 0-1

[Event "Principal 2017/2018"]
[Site "Vitrolles"]
[Date "2017.09.30"]
[Round "1"]
[White "Bohli, Adam"]
[Black "Muhajiz, Gibran"]
[Result "0-1"]
[WhiteElo "1917"]
[BlackElo "1862"]
[PlyCount "84"]

1. e4 c5 2. Ne2 Nc6 3. Nbc3 Nf6 4. g3 d6 5. Bg2 g6 6. O-O Bg7 7. d3 O-O 8. h3
a6 9. a4 Rb8 10. Bg5 h6 11. Be3 Bd7 12. Qd2 Kh7 13. f4 b5 14. axb5 axb5 15. f5
b4 16. Nd1 Ne5 17. b3 Bc6 18. g4 g5 19. Nb2 d5 20. Ng3 Qc7 21. Qf2 Nexg4 22.
hxg4 Nxg4 23. Qf3 Nxe3 24. Nh5 Nxf1 25. Nxg7 Qh2+ 26. Kxf1 dxe4 27. dxe4 Kxg7
28. Nd3 Bb5 29. Ra7 Qd6 30. Qe3 Bxd3+ 31. cxd3 Qe5 32. Ra6 Ra8 33. Rc6 Ra1+ 34.
Kf2 Ra2+ 35. Kg1 Qd4 36. Qxd4+ cxd4 37. Rc4 Rb2 38. Rxb4 Ra8 39. Ra4 Rxa4 40.
bxa4 Ra2 41. e5 Rxa4 42. Kh2 Ra5 0-1

[Event "Principal 2017/2018"]
[Site "Vitrolles"]
[Date "2017.10.14"]
[Round "2"]
[White "Busson, Benoist"]
[Black "Muhajiz, Gibran"]
[Result "1-0"]
[WhiteElo "1926"]
[BlackElo "1863"]
[PlyCount "71"]

1. e4 c5 2. b4 e6 3. bxc5 Bxc5 4. d4 Be7 5. Nf3 d6 6. Bd3 Nf6 7. O-O O-O 8. Bf4
h6 9. Qe2 Nc6 10. e5 Nd5 11. Bxh6 Ncb4 12. Bd2 Nxd3 13. Qxd3 dxe5 14. Nxe5 Bd7
15. c4 Nf6 16. Be3 Rc8 17. Nd2 Ba4 18. Ne4 Nd7 19. Nxd7 Qxd7 20. Nc3 Bc6 21.
Rfd1 Rfd8 22. a4 b6 23. a5 Qb7 24. f3 f5 25. axb6 axb6 26. d5 exd5 27. Nxd5 Kh8
28. Qxf5 Bxd5 29. cxd5 Bf6 30. Rab1 Qe7 31. Bxb6 Rf8 32. Qh3+ Bh4 33. d6 Qg5
34. Bf2 Rc4 35. g4 Rxf3 36. Qxh4+ 1-0

[Event "Principal 2017/2018"]
[Site "Vitrolles"]
[Date "2017.10.14"]
[Round "2"]
[White "Mamah, Isabelle"]
[Black "Bohli, Adam"]
[Result "1-0"]
[WhiteElo "1807"]
[BlackElo "1917"]
[PlyCount "133"]

1. e4 g6 2. d4 Bg7 3. Nf3 c5 4. c3 cxd4 5. cxd4 d5 6. e5 f6 7. exf6 Nxf6 8.
Bb5+ Nc6 9. Ne5 Bd7 10. Nxd7 Nxd7 11. Bxc6 bxc6 12. Nc3 O-O 13. O-O Qb6 14. Ne2
e5 15. dxe5 Nxe5 16. Rb1 Rxf2 17. Rxf2 Ng4 18. Qe1 Rf8 19. Bf4 Nxf2 20. Qxf2
Qxf2+ 21. Kxf2 g5 22. g3 Be5 23. Kf3 gxf4 24. gxf4 Bd6 25. b3 a5 26. Rg1+ Kf7
27. Rg4 c5 28. Rh4 Kg6 29. Rg4+ Kf7 30. Rh4 Kg6 31. Rg4+ Kf6 32. Rh4 Rf7 33.
Nc3 d4 34. Ne4+ Ke7 35. Nxd6 Kxd6 36. Ke4 Re7+ 37. Kd3 Re3+ 38. Kd2 Re7 39. Kd3
Kc6 40. Kc4 Rd7 41. Rh6+ Rd6 42. Rh3 h6 43. f5 Rf6 44. Rf3 Kd6 45. Rf2 Ke5 46.
Kxc5 Ke4 47. Rf1 Ke3 48. Kd5 Ke2 49. Rf4 d3 50. Ke5 Rf8 51. Re4+ Kf3 52. Rf4+
Ke2 53. Re4+ Kd1 54. Rd4 Re8+ 55. Kf6 d2 56. Kg7 Ke1 57. f6 d1=Q 58. Rxd1+ Kxd1
59. f7 Rb8 60. a3 Ke2 61. f8=Q Rxf8 62. Kxf8 Kd3 63. b4 axb4 64. axb4 Kc4 65.
Kg7 h5 66. h4 Kxb4 67. Kg6 1-0

[Event "Principal 2017/2018"]
[Site "Vitrolles"]
[Date "2017.10.14"]
[Round "2"]
[White "Girard, Jean-Pierre"]
[Black "Auroux, William"]
[Result "0-1"]
[WhiteElo "1813"]
[BlackElo "1894"]
[PlyCount "104"]

1. e4 d6 2. d4 g6 3. Nf3 Bg7 4. Be2 Nf6 5. Nc3 Bg4 6. O-O Nc6 7. h3 Bxf3 8.
Bxf3 Nd7 9. Ne2 e5 10. c3 O-O 11. d5 Ne7 12. c4 f5 13. Nc3 Nf6 14. Rb1 f4 15.
b4 g5 16. Rb3 Ng6 17. g3 Qd7 18. Kg2 Rf7 19. c5 Bf8 20. Ba3 Rg7 21. Nb1 Nh8 22.
Nd2 g4 23. hxg4 Nxg4 24. Bxg4 Rxg4 25. Nc4 Rg5 26. Rh1 Qg7 27. Rh5 Nf7 28. Rxg5
Qxg5 29. Qh1 Qg6 30. Nd2 Ng5 31. Kf1 Be7 32. gxf4 exf4 33. f3 Nf7 34. Bb2 Bf6
35. Nc4 Kh8 36. Qh2 Bxb2 37. Rxb2 Qf6 38. Rb1 Qd4 39. Qb2 Qxb2 40. Rxb2 Rg8 41.
Rg2 Rg6 42. Rxg6 hxg6 43. cxd6 cxd6 44. Nxd6 Nxd6 45. e5 Nc4 46. e6 Kg7 47. Ke2
Kf6 48. Kd3 Nd6 49. Kd4 b6 50. a4 g5 51. a5 Kf5 52. axb6 axb6 0-1

[Event "Principal 2017/2018"]
[Site "Vitrolles"]
[Date "2017.10.14"]
[Round "2"]
[White "Derige Kane, Yan"]
[Black "Anton, Jose"]
[Result "1/2-1/2"]
[WhiteElo "2143"]
[BlackElo "1843"]
[PlyCount "156"]

1. d4 Nf6 2. Bf4 g6 3. Nf3 Bg7 4. h3 d6 5. Nbd2 O-O 6. e4 Nfd7 7. Bc4 e5 8.
dxe5 Nxe5 9. Nxe5 dxe5 10. Be3 Nc6 11. a3 Qe7 12. O-O Kh8 13. b4 Nd4 14. Bxd4
exd4 15. Bd3 f5 16. exf5 Bxf5 17. Nb3 Qd7 18. Qf3 b6 19. Rad1 Rad8 20. Qg3 Qd6
21. Qxd6 Rxd6 22. Rfe1 Be6 23. Nd2 Bd5 24. Re7 Rdf6 25. Rd7 c6 26. f3 R8f7 27.
Rxf7 Bxf7 28. Ne4 Re6 29. Ng5 Re7 30. Be4 c5 31. bxc5 bxc5 32. Rb1 Be5 33. Bc6
Ba2 34. Rb5 a6 35. Rb6 d3 36. cxd3 c4 37. Rxa6 cxd3 38. Ra8+ Kg7 39. Ne4 Rc7
40. Ba4 Rc1+ 41. Kf2 Bd4+ 42. Kg3 Be5+ 43. f4 Bb2 44. Rd8 Rc4 45. Rd7+ Kf8 46.
Rd8+ Kg7 47. Rd7+ Kf8 48. Rb7 Bc1 49. Rb8+ Kg7 50. Rb4 Bxa3 51. Rxc4 Bxc4 52.
Nd2 Bd5 53. Kf2 Bc5+ 54. Kf1 Be3 55. Nf3 Bxf4 56. Kf2 Kf6 57. g3 Bd6 58. g4
Bc5+ 59. Kg3 h6 60. Bd1 Bd6+ 61. Kf2 g5 62. Ke3 Bc4 63. Nd2 Bf4+ 64. Kd4 Bb5
65. Nc4 d2 66. Ne3 Bxe3+ 67. Kxe3 Bf1 68. Kxd2 Bxh3 69. Ke3 Bf1 70. Ke4 Bb5 71.
Kf3 Ke5 72. Bc2 Kd4 73. Bf5 Bd3 74. Be6 Bc2 75. Bd7 Bd1+ 76. Kg3 Ke3 77. Bc8 h5
78. gxh5 Bxh5 1/2-1/2

[Event "Principal 2017/2018"]
[Site "Vitrolles"]
[Date "2017.10.14"]
[Round "2"]
[White "Baroyan, Davit"]
[Black "Mars, Theo"]
[Result "1-0"]
[WhiteElo "2073"]
[BlackElo "1697"]
[PlyCount "107"]

1. d4 d5 2. c4 c6 3. Nc3 Nf6 4. Nf3 e6 5. e3 Nbd7 6. Qc2 g6 7. b3 Bg7 8. Ba3
Ne4 9. Nxe4 Qa5+ 10. b4 Qxa3 11. Nd6+ Ke7 12. Nxc8+ Raxc8 13. Qb3 Qxb3 14. axb3
a6 15. Ra2 dxc4 16. bxc4 e5 17. Be2 exd4 18. exd4 Nb6 19. O-O Rhd8 20. Rd1 Rc7
21. b5 axb5 22. cxb5 c5 23. dxc5 Rxd1+ 24. Bxd1 Rxc5 25. Be2 Nc8 26. Ra3 Nd6 {
(=)} 27. Rb3 b6 28. g3 h6 29. Kg2 Nf5 30. Ra3 Nd4 31. Ra7+ Ke6 32. Nxd4+ Bxd4
33. Bd3 Rc3 34. Bb1 Kf6 {(=)} 35. Ba2 Rc2 36. Rxf7+ Ke5 37. Bb1 Rb2 38. Bxg6
Ke6 39. Rf4 Bc5 40. Be8 Ke7 41. Bc6 Rb4 42. Rxb4 Bxb4 43. f4 Kf6 44. Kf3 Kf5
45. Bd7+ Kf6 46. Ke4 Bc5 47. g4 Bg1 {(=)} 48. h4 Bf2 49. g5+ hxg5 50. hxg5+ Kf7
51. Kf3 Be1 52. Kg4 Bc3 53. f5 Bd2 54. f6 1-0

[Event "Principal 2017/2018"]
[Site "Vitrolles"]
[Date "2017.11.25"]
[Round "3"]
[White "Mars, Theo"]
[Black "Busson, Benoist"]
[Result "1-0"]
[WhiteElo "1693"]
[BlackElo "1926"]
[PlyCount "89"]

1. c4 e5 2. g3 Nc6 3. Bg2 f5 4. d3 Nf6 5. Nc3 Bb4 6. Bd2 O-O 7. a3 Be7 8. e3
Qe8 9. Nd5 Bd8 10. b4 d6 11. Ne2 Kh8 12. O-O Ne7 13. Nxf6 Rxf6 14. Bc3 Rh6 15.
f4 Ng8 16. fxe5 dxe5 17. e4 fxe4 18. Bxe4 Bg5 19. Bd2 Qh5 20. Rf2 Nf6 21. Bxg5
Qxg5 22. Nc3 Bg4 23. Bf3 Rd8 24. Qe2 Qg6 25. Ne4 Nxe4 26. Qxe4 Qxe4 27. Bxe4
Rf6 28. Raf1 Rxf2 29. Rxf2 c6 30. Rf7 Bc8 31. Re7 Rf8 32. Rxe5 Bh3 33. Bg2 Bf5
34. Re7 Bxd3 35. Rxb7 a5 36. Bxc6 Bxc4 37. b5 Kg8 38. Ra7 Rf1+ 39. Kg2 Rf5 40.
b6 Bf1+ 41. Kg1 Bh3 42. Bg2 Bxg2 43. Kxg2 Rb5 44. b7 h6 45. Ra8+ 1-0

[Event "Principal 2017/2018"]
[Site "Vitrolles"]
[Date "2017.11.25"]
[Round "3"]
[White "Anton, Jose"]
[Black "Baroyan, Davit"]
[Result "1-0"]
[WhiteElo "1843"]
[BlackElo "2073"]
[PlyCount "133"]

1. e4 c5 2. d4 cxd4 3. c3 dxc3 4. Nxc3 Nc6 5. Nf3 a6 6. Bc4 e6 7. O-O Nge7 8.
Bg5 f6 9. Be3 b5 10. Bb3 Ng6 11. Nd4 Nxd4 12. Bxd4 Bd6 13. Be3 Bc7 14. f4 Bb6
15. Bxb6 Qxb6+ 16. Kh1 O-O 17. Qh5 Qc7 18. Nd5 Qb8 19. Rf3 Rf7 20. Rh3 Nf8 21.
f5 Bb7 22. Nb6 Bxe4 23. Nxa8 Qxa8 24. fxe6 Bxg2+ 25. Kg1 dxe6 26. Rg3 Be4 27.
Qe2 Bd5 28. Rc1 Qa7+ 29. Qf2 Qxf2+ 30. Kxf2 Rd7 31. Rd3 Bxb3 32. Rxd7 Nxd7 33.
axb3 Ne5 34. Rc8+ Kf7 35. Ra8 Nd3+ 36. Ke3 Nc5 37. b4 Na4 38. b3 Nb6 39. Ra7+
Kg6 40. Kd4 Nd5 41. Rxa6 Nxb4 42. Rxe6 Kf5 43. Rb6 Nc2+ 44. Kc3 Ne3 45. Rxb5+
Kg4 46. Rb7 g5 47. Rxh7 f5 48. Kd3 f4 49. b4 Nd5 50. b5 Kf3 51. Rd7 Nb6 52. Rd6
Nc8 53. Rd8 Nb6 54. Kd2 g4 55. Ke1 Kg2 56. Rd2+ Kg1 57. Rd4 g3 58. Rxf4 Kxh2
59. Rh4+ Kg1 60. Rg4 g2 61. Ke2 Nd7 62. Rg5 Nf6 63. b6 Ne4 64. Rg6 Nc5 65. Kf3
Nd7 66. Rxg2+ Kh1 67. Rb2 1-0

[Event "Principal 2017/2018"]
[Site "Vitrolles"]
[Date "2017.11.25"]
[Round "3"]
[White "Auroux, William"]
[Black "Derige Kane, Yan"]
[Result "1/2-1/2"]
[WhiteElo "1894"]
[BlackElo "2143"]
[PlyCount "123"]

1. Nf3 d5 2. g3 Nf6 3. Bg2 c5 4. d3 Nc6 5. O-O Bg4 6. h3 Bh5 7. c4 e6 8. b3 Bd6
9. Bb2 d4 10. Na3 O-O 11. Nc2 Nd7 12. b4 e5 13. bxc5 Nxc5 14. Qe1 f5 15. Nd2 e4
16. Nxd4 exd3 17. exd3 Nxd3 18. Qb1 Nxb2 19. Nxc6 Qb6 20. c5 Bxc5 21. Ne5 Rad8
22. Nb3 Bd4 23. Nxd4 Qxd4 24. Nf3 Bxf3 25. Bxf3 b6 26. Qc2 Qd3 27. Qxb2 Qxf3
28. Rac1 Rf7 29. Rc3 Qd5 30. Rfc1 Re8 31. Rc8 Rfe7 32. Rxe8+ Rxe8 33. Qc2 Kf7
34. Qc7+ Re7 35. Qf4 Qe5 36. Qc4+ Qe6 37. Qf4 h6 38. Rc7 Rxc7 39. Qxc7+ Qe7 40.
Qc4+ Kg6 41. Qc2 Qc5 42. Qb1 b5 43. g4 a5 44. Qe1 b4 45. Qe6+ Kg5 46. gxf5 Qxf5
47. Qe3+ Kg6 48. Qe8+ Kh7 49. Qa4 h5 50. Kg2 Kh6 51. Kg1 h4 52. Kg2 Qe4+ 53.
Kh2 Qf3 54. Qc2 a4 55. Qd2+ Kh5 56. Qc2 b3 57. Qh7+ Kg5 58. Qxg7+ Kf5 59. Qf7+
Ke4 60. Qb7+ Kf4 61. Qf7+ Ke4 62. Qb7+ 1/2-1/2

[Event "Principal 2017/2018"]
[Site "Vitrolles"]
[Date "2017.11.25"]
[Round "3"]
[White "Bohli, Adam"]
[Black "Girard, Jean-Pierre"]
[Result "1/2-1/2"]
[WhiteElo "1917"]
[BlackElo "1813"]
[PlyCount "100"]

1. a3 c5 2. Nf3 Nc6 3. c4 Nf6 4. Nc3 e6 5. g3 Be7 6. Bg2 O-O 7. O-O a6 8. d4
cxd4 9. Nxd4 Qc7 10. Bf4 d6 11. Nxc6 bxc6 12. c5 e5 13. cxd6 Bxd6 14. Bg5 Be7
15. Qa4 Rb8 16. b4 c5 17. bxc5 Qxc5 18. Rfc1 Qd4 19. Qxd4 exd4 20. Ne4 Rb2 21.
Nxf6+ gxf6 22. Bh6 Rd8 23. Rab1 Rxe2 24. Rb8 Bf5 25. Rxd8+ Bxd8 26. Bf1 Rc2 27.
Bxa6 Rxc1+ 28. Bxc1 Ba5 29. Be2 d3 30. Bd1 Kf8 31. g4 Be4 32. f3 Bc6 33. Kf2
Ke7 34. Ke3 Bb5 35. Bd2 Bxd2+ 36. Kxd2 Kd6 37. f4 Kd5 38. Ke3 Kc4 39. Kd2 Kd4
40. Bf3 Ba4 41. h4 h6 42. h5 Bd7 43. a4 Bxa4 44. g5 fxg5 45. fxg5 Bd7 46. gxh6
Bf5 47. Bg4 Bh7 48. Bd7 Ke5 49. Bb5 Kf6 50. Bxd3 Kg5 1/2-1/2

[Event "Principal 2017/2018"]
[Site "Vitrolles"]
[Date "2017.11.25"]
[Round "3"]
[White "Muhajiz, Gibran"]
[Black "Mamah, Isabelle"]
[Result "1-0"]
[WhiteElo "1862"]
[BlackElo "1807"]
[PlyCount "83"]

1. d4 Nf6 2. c4 g6 3. Nc3 d5 4. cxd5 Nxd5 5. e4 Nxc3 6. bxc3 Bg7 7. Bc4 c5 8.
Ne2 O-O 9. Be3 cxd4 10. cxd4 Nc6 11. Rc1 a6 12. h4 b5 13. Bd5 Bb7 14. Bxc6 Bxc6
15. Rxc6 Qd7 16. Rc1 Qg4 17. Ng3 Qe6 18. Qb3 Qd6 19. e5 Qd7 20. h5 Rfc8 21. O-O
Qg4 22. h6 Bh8 23. Qd5 Rd8 24. Qe4 Qe6 25. Rc2 Rac8 26. Rfc1 Rc4 27. Rxc4 bxc4
28. Qc2 Rc8 29. Ne4 Qd5 30. Nc5 c3 31. Qb3 Qd8 32. Qxc3 a5 33. Nb7 Rxc3 34.
Nxd8 Rxc1+ 35. Bxc1 f6 36. e6 f5 37. Nc6 Kf8 38. a4 Bf6 39. Be3 g5 40. d5 g4
41. Nxa5 Ke8 42. Nc6 1-0

[Event "Principal 2017/2018"]
[Site "Vitrolles"]
[Date "2017.12.09"]
[Round "4"]
[White "Mars, Theo"]
[Black "Anton, Jose"]
[Result "0-1"]
[WhiteElo "1693"]
[BlackElo "1843"]
[PlyCount "56"]

1. c4 e5 2. g3 Nc6 3. Bg2 f5 4. d3 Nf6 5. Nc3 Bb4 6. Bd2 O-O 7. a3 Bxc3 8. Bxc3
d6 9. e3 f4 10. Ne2 fxe3 11. fxe3 Ng4 12. Qd2 Qg5 13. Bd5+ Kh8 14. e4 Qh5 15.
h3 Nf2 16. Rh2 Qf3 17. Nf4 Qxg3 18. Qxf2 Qxf2+ 19. Rxf2 Rxf4 20. Rxf4 exf4 21.
Kf2 Bxh3 22. Rg1 Ne5 23. Bxb7 Rb8 24. Bd5 Nxd3+ 25. Kf3 Ne5+ 26. Kxf4 Rf8+ 27.
Kg3 Rf3+ 28. Kh2 Rxc3 0-1

[Event "Principal 2017/2018"]
[Site "Vitrolles"]
[Date "2017.12.09"]
[Round "4"]
[White "Baroyan, Davit"]
[Black "Auroux, William"]
[Result "0-1"]
[WhiteElo "2083"]
[BlackElo "1870"]
[PlyCount "144"]

1. d4 g6 2. e4 Bg7 3. Be3 d6 4. Nc3 a6 5. a4 b6 6. Qd2 Bb7 7. Bc4 e6 8. f3 Nd7
9. Nge2 h6 10. Nf4 Qb8 11. O-O Ne7 12. Rad1 Qc8 13. Qf2 O-O 14. Nh3 Nf6 15. e5
dxe5 16. dxe5 Nfd5 17. Bxd5 Nxd5 18. Nxd5 Bxd5 19. a5 Kh7 20. Qh4 Rh8 21. c4
Bc6 22. Qe7 Rf8 23. Nf2 h5 24. Qg5 Qb7 25. axb6 cxb6 26. Rd4 Qc7 27. Bf4 b5 28.
cxb5 axb5 29. Ne4 Bxe4 30. Rxe4 Qc2 31. g4 hxg4 32. Qh4+ Kg8 33. Qxg4 Qxb2 34.
Rf2 Ra1+ 35. Kg2 Qb1 36. Kh3 Ra3 37. Bg5 Ra4 38. Bf6 Rc8 39. Rxa4 bxa4 40. Qxa4
Bxf6 41. exf6 Qf5+ 42. Qg4 Qxf6 43. Qh4 Qf5+ 44. Qg4 Qe5 45. Rd2 Rc3 46. Kg2
Re3 47. Rd8+ Kg7 48. Qd4 Re2+ 49. Kg1 Re1+ 50. Kf2 Re2+ 51. Kg1 Qxd4+ 52. Rxd4
f5 53. h4 Kf6 54. Ra4 Rb2 55. Rc4 Ke5 56. h5 gxh5 57. Rh4 Rd2 58. Rxh5 Kf4 59.
Rh6 Re2 60. Rh3 Ke3 61. Rg3 f4 62. Rh3 e5 63. Kh1 Kf2 64. Kh2 Re3 65. Rh5 Kxf3
66. Kg1 Re1+ 67. Kh2 e4 68. Rh3+ Kf2 69. Rh4 f3 70. Rf4 e3 71. Kh3 e2 72. Kg4
Rg1+ 0-1

[Event "Principal 2017/2018"]
[Site "Vitrolles"]
[Date "2017.12.09"]
[Round "4"]
[White "Busson, Benoist"]
[Black "Mamah, Isabelle"]
[Result "1-0"]
[WhiteElo "1922"]
[BlackElo "1830"]
[PlyCount "95"]

1. e4 c5 2. Nf3 g6 3. d4 cxd4 4. c3 Bg7 5. Bc4 d6 6. h4 h5 7. Qb3 e6 8. Bg5 Qb6
9. Qxb6 axb6 10. Nxd4 Bxd4 11. cxd4 Bd7 12. Nc3 f6 13. Be3 Ne7 14. d5 exd5 15.
Nxd5 Nxd5 16. Bxd5 Bc6 17. Bxb6 Nd7 18. Bxc6 bxc6 19. Bc7 Ke7 20. O-O-O Rxa2
21. Bxd6+ Ke6 22. Ba3 Ra1+ 23. Kc2 Rxd1 24. Rxd1 c5 25. f4 f5 26. e5 Nxe5 27.
Re1 Kf6 28. Rxe5 c4 29. Be7+ Kf7 30. Bg5 Rc8 31. Re7+ Kf8 32. Kc3 Rc6 33. g3
Rb6 34. Re2 Rc6 35. Rd2 Kf7 36. Rd4 Re6 37. Kxc4 Re3 38. Rd3 Re4+ 39. Kc5 Re2
40. b4 Rc2+ 41. Kb6 Ke6 42. b5 Rb2 43. Kc6 Rc2+ 44. Kb7 Rb2 45. b6 Rc2 46. Kb8
Rc4 47. b7 Rc6 48. Bd8 1-0

[Event "Principal 2017/2018"]
[Site "Vitrolles"]
[Date "2017.12.09"]
[Round "4"]
[White "Derige Kane, Yan"]
[Black "Bohli, Adam"]
[Result "0-1"]
[WhiteElo "2143"]
[BlackElo "1917"]
[PlyCount "58"]

1. d4 Nf6 2. Bg5 c5 3. e3 Ne4 4. Bf4 Qb6 5. Nc3 Nxc3 6. bxc3 cxd4 7. exd4 d6 8.
Nf3 Nc6 9. d5 Nb8 10. Rb1 Qc7 11. Bb5+ Bd7 12. O-O h6 13. Bg3 g6 14. Qd4 Rg8
15. c4 Bg7 16. Qe3 a6 17. Rfe1 Bf8 18. Bxd7+ Nxd7 19. Nd2 b6 20. Ne4 O-O-O 21.
a4 Qxc4 22. Rb3 Bg7 23. Bxd6 f5 24. Nd2 Qxd5 25. Rd3 Qc6 26. Bxe7 Rde8 27. Nb3
Ne5 28. Nd4 Qd7 29. Rc3+ Kb7 0-1

[Event "Principal 2017/2018"]
[Site "Vitrolles"]
[Date "2017.12.09"]
[Round "4"]
[White "Girard, Jean-Pierre"]
[Black "Muhajiz, Gibran"]
[Result "0-1"]
[WhiteElo "1820"]
[BlackElo "1914"]
[PlyCount "52"]

1. e4 c5 2. Nf3 Nc6 3. d4 cxd4 4. Nxd4 Nf6 5. Nc3 e5 6. Ndb5 d6 7. Bg5 a6 8.
Na3 b5 9. Bxf6 gxf6 10. Nd5 Bg7 11. c3 f5 12. exf5 Bxf5 13. Nc2 O-O 14. Nce3
Be6 15. g3 f5 16. Bg2 Ra7 17. O-O f4 18. Nc2 Raf7 19. Nxf4 exf4 20. Bxc6 Qg5
21. Bg2 Bc4 22. Qd2 Qh5 23. Rfe1 fxg3 24. fxg3 Rf2 25. Qxf2 Rxf2 26. Kxf2 Qf5+
0-1

[Event "Principal 2017/2018"]
[Site "Vitrolles"]
[Date "2018.01.20"]
[Round "5"]
[White "Anton, Jose"]
[Black "Busson, Benoist"]
[Result "1/2-1/2"]
[WhiteElo "1875"]
[BlackElo "1907"]
[PlyCount "94"]

1. e4 e6 2. b3 b6 3. Bb2 Bb7 4. Nc3 Nf6 5. Qe2 Bb4 6. e5 Nd5 7. Nxd5 Bxd5 8.
Qg4 Bf8 9. O-O-O a5 10. a4 Bb7 11. f4 Nc6 12. Nf3 Qe7 13. d4 Nb4 14. f5 Nd5 15.
Re1 exf5 16. Qxf5 g6 17. Qh3 O-O-O 18. Bc4 h5 19. Kb1 Bh6 20. Rhf1 Ne3 21. Rxe3
Bxe3 22. Nh4 Rhf8 23. Qxe3 Qxh4 24. d5 d6 25. exd6 Rxd6 26. Ba3 Qd8 27. Bxd6
Qxd6 28. Rxf7 Rd8 29. Qe6+ Kb8 30. Rf6 Qxh2 31. Rxg6 Bc8 32. Qf6 Rd6 33. Qg5
Qg1+ 34. Ka2 Rxg6 35. Qxg6 Qd1 36. Bd3 Qg4 37. Qxg4 Bxg4 38. g3 Kc8 39. Kb2 Kd7
40. Kc3 Kd6 41. Kd4 Bd1 42. Bg6 Bf3 43. Be4 Bd1 44. Bf5 Bf3 45. Bg6 Bd1 46. Be4
Bg4 47. Bg6 Bf3 1/2-1/2

[Event "Principal 2017/2018"]
[Site "Vitrolles"]
[Date "2018.01.20"]
[Round "5"]
[White "Muhajiz, Gibran"]
[Black "Derige Kane, Yan"]
[Result "0-1"]
[WhiteElo "1950"]
[BlackElo "2109"]
[PlyCount "134"]

1. d4 d5 2. c4 e6 3. Nc3 Nf6 4. Bg5 Bb4 5. Qc2 O-O 6. e3 c5 7. Nf3 h6 8. Bh4
Nbd7 9. cxd5 exd5 10. Bd3 b6 11. O-O Bxc3 12. bxc3 Bb7 13. Bf5 Qc7 14. Bg3 Qc6
15. Ne5 Nxe5 16. Bxe5 Ne4 17. f3 Nd6 18. Bxd6 Qxd6 19. Rad1 g6 20. Bd3 Rac8 21.
Qf2 cxd4 22. cxd4 Rc3 23. e4 Qa3 24. Qe2 Qa4 25. Bb5 Rc2 26. Bxa4 Rxe2 27. e5
Rxa2 28. Bd7 Ba6 29. Ra1 Bc4 30. Rxa2 Bxa2 31. Ra1 Bc4 32. Rxa7 Rb8 33. e6 Kf8
34. exf7 Kxf7 35. Kf2 Kf6 36. Ke3 b5 37. Kd2 b4 38. Kc2 Rb6 39. g3 g5 40. Rc7
Ke7 41. Bf5+ Kf6 42. Bd7 Rb8 43. Ra7 h5 44. Bc6 Ke6 45. Rb7 Rf8 46. Rxb4 Rxf3
47. Rb6 Kf5 48. Bd7+ Ke4 49. Rg6 Kxd4 50. Rxg5 Rf2+ 51. Kd1 Kc3 52. Rf5 Rxh2
53. Rf3+ Kd4 54. Rf4+ Ke3 55. Bf5 d4 56. Re4+ Kf3 57. Rxd4 Be2+ 58. Kd2 Kxg3
59. Ke1 Bf3 60. Rd3 Rh1+ 61. Kd2 Rd1+ 62. Ke3 Re1+ 63. Kd4 Kf2 64. Rd2+ Re2 65.
Rd3 Bg4 66. Be4 h4 67. Ra3 h3 0-1

[Event "Principal 2017/2018"]
[Site "Vitrolles"]
[Date "2018.01.20"]
[Round "5"]
[White "Auroux, William"]
[Black "Mars, Theo"]
[Result "1-0"]
[WhiteElo "1923"]
[BlackElo "1713"]
[PlyCount "41"]

1. Nf3 Nf6 2. c4 b6 3. g3 c5 4. Bg2 Bb7 5. Nc3 e6 6. d3 Be7 7. O-O O-O 8. e4 d6
9. Ne1 Nbd7 10. e5 Bxg2 11. exf6 Bxf1 12. fxe7 Qxe7 13. Kxf1 a6 14. Bf4 Nf6 15.
Qe2 Qb7 16. Kg1 d5 17. Bg5 Nd7 18. cxd5 exd5 19. Qf3 h6 20. Nxd5 Ne5 21. Nf6+
1-0

[Event "Principal 2017/2018"]
[Site "Vitrolles"]
[Date "2018.01.20"]
[Round "5"]
[White "Bohli, Adam"]
[Black "Baroyan, Davit"]
[Result "0-1"]
[WhiteElo "1905"]
[BlackElo "1990"]
[PlyCount "58"]

1. e4 c5 2. Nf3 Nc6 3. d4 cxd4 4. Nxd4 e5 5. Nb3 Nf6 6. Nc3 Bb4 7. Bd3 d5 8.
exd5 Nxd5 9. Bd2 Nxc3 10. bxc3 Be7 11. Qf3 O-O 12. Qh5 f5 13. h4 Be6 14. Bg5 e4
15. Bb5 Bf6 16. Bxc6 bxc6 17. Bxf6 Qxf6 18. Nd4 Bc4 19. Qg5 Qe5 20. Rh3 Rac8
21. g4 h6 22. Qh5 Qf4 23. Nxf5 Rcd8 24. Re3 Rxf5 25. Qxf5 Qh2 26. Rd3 exd3 27.
O-O-O Rf8 28. Qc5 Qf4+ 29. Kb2 Rb8+ 0-1